000 02904nam0a2200421 i 4500
001 RU\NLR\bibl\1958959
005 20260407063714.0
010 _a9785891723870
_9300
021 _aRU
_b2012-74802
_95539
035 _a(nilc)RSL-KNO-005505433
035 _a(NLR Aleph) 001947996
090 _a3656056
_c3656056
100 _a20121008d2012 u y0rusy50 ca
101 0 _arus
_deng
102 _aRU
105 _ay |||||||||
200 1 _aПравоохранительная политика: проблемы формирования и осуществления
_dThe law-enforcement policy: problems of formation and realization
_eмонография
_f[А.В. Малько, П.А. Гук, К.Е. Игнатенкова и др.]
_gпод ред. засл. деят. науки РФ, д.ю.н., проф. А.В. Малько и засл. работника науки и образования, к.ю.н., проф. РАЕН Р.В. Пузикова
_gРоссийская акад. наук, Саратовский фил. Ин-та государства и права [и др.]
_zeng
210 _aМосква
_cРПА Минюста России
_d2012
215 _a316 с.
_d21
300 _aАвт. указаны на обороте тит. л.
300 _aВ надзаг. также: Гос. образоват. учреждение высш. проф. образования "Тамб. гос. ун-т им. Г.Р. Державина", Науч.-образоват. центр правовой политики субъектов Рос. Федерации, Федер. гос. бюджет. образоват. учреждение высш. проф. образования "Рос. правовая академия М-ва юстиции Рос. Федерации", Сев.-Кавк. (г. Махачкала) фил.
300 _aРез. на англ. яз.
320 _aБиблиогр. в подстроч. примеч.
510 0 _aThe law-enforcement policy: problems of formation and realization
_zeng
606 1 _aГосударство
_xПравоохранительная функция
_yРоссийская Федерация
_92151851
_3RU\NLR\auth\661295814
686 _aХ629.0,0
_2rubbk
686 _aХ620.2
701 1 _4070
_8rus
_7ca
_aМалько
_bА.В.
_f1958-
_gАлександр Васильевич
_3RU\NLR\auth\776401
_9116355
701 1 _aГук
_bП. А.
_f1959-
_gПавел Александрович
_4070
701 1 _aИгнатенкова
_bК. Е.
_gКсения Евгеньевна
_4070
712 0 2 _4570
_aИнститут государства и права
_cМосква
_bСаратовский филиал
_3RU\NLR\AUTH\8810031053
_9560754
801 0 _aRU
_bRuMoRKP
_c20121008
_grcr
801 1 _aRU
_bРГБ
_c20121008
801 2 _aRU
_bNLR
_c20121023
_grcr
830 _aпо эк
942 _cBOOK
980 _aNBR